L'Empereur Frederic III (Record no. 140688)

MARC details
000 -LEADER
campo de control de longitud fija 00455nam a2200157 i 4500
001 - NÚMERO DE CONTROL
campo de control 140688
003 - IDENTIFICADOR DE NÚMERO DE CONTROL
campo de control ES-MaACL
005 - FECHA Y HORA DE LA ÚLTIMA TRANSACCIÓN
campo de control 20230906200130.0
007 - CAMPO FIJO DE DESCRIPCIÓN FÍSICA--INFORMACIÓN GENERAL
campo de control de longitud fija t|
008 - DATOS DE LONGITUD FIJA--INFORMACIÓN GENERAL
campo de control de longitud fija 070914s1917 fr ||||1| fre d
100 1# - ENTRADA PRINCIPAL--NOMBRE DE PERSONA
Nombre de persona Welschinger, Henri.
9 (RLIN) 116466
245 12 - MENCIÓN DEL TÍTULO
Título L'Empereur Frederic III
Resto del título : 1831-1888 /
Mención de responsabilidad, etc. Henri Welschinger.
260 ## - PUBLICACIÓN, DISTRIBUCIÓN, ETC.
Lugar de publicación, distribución, etc. [S.l. :
Nombre del editor, distribuidor, etc. s.n.],
Fecha de publicación, distribución, etc. 1917 (
Lugar de fabricación/manufactura Evreux :
Fabricante Ch. Herissey)
300 ## - DESCRIPCIÓN FÍSICA
Extensión XII, 334 p. ;
Dimensiones 23 cm.
852 ## - LOCALIZACIÓN
Ubicación ES-MaACL
Número de control de estantería F-8940
Holdings
Estatus retirado Estado de pérdida Estado de daño No para préstamo Biblioteca de origen Biblioteca actual Ubicación en estantería Fecha de adquisición Fuente de adquisición Total de préstamos Signatura topográfica completa Código de barras Visto por última vez Precio de reemplazo Tipo de ítem Koha
        Biblioteca del Ateneo de Madrid Biblioteca del Ateneo de Madrid Sala Pecera Planta 2 17/01/2008     F-8940 1146402 23/02/2023 23/02/2023 Libro impreso